| 000 | 00612nam a2200145Ia 4500 | ||
|---|---|---|---|
| 008 | 170221s9999 xx 000 0 und d | ||
| 100 | _aArsen Djatej | ||
| 245 | _aCritical factors of IFRS adoption in the US: an empirical study | ||
| 245 | _cArsen Djatej, Eastern Washington University; Duanning Zhou, Eastern Washington University; David Gorton, Eastern Washington University; William McGonigle, Eastern Washington University. | ||
| 260 | _bJournal of Management and Marketing Research | ||
| 260 | _c2012 | ||
| 300 | _a32 : 12 | ||
| 650 | _xBusiness | ||
| 856 | _uhttp://www.aabri.com/manuscripts/111013.pdf | ||
| 999 |
_c311322 _d311322 |
||